000 00442nam a2200145 a 4500
001 000032914
005 20200930065917.0
008 110801s1986 dr 000 0 spa d
040 _aDO-SdBNP
_bspa
_cBNPHU
100 1 _aGuiliani Cury, Hugo
_96465
245 1 0 _aDiscurso y entrevistas del gobernador del Banco Central /
_cHugo Guiliani Cury.
260 _aSanto Domingo :
_bBanco Central,
_c1986.
300 _a212 p. ;
_c22 cm.
049 _aBNPD
999 _c32405
_d32405